000 00355nam a2200133Ia 4500
008 240624s9999 xx 000 0 und d
041 _aeng
082 _a100 ADA
100 _aADAMSON PETER
245 _aPHILOSOPHY IN THE ISLAMIC WORLD A VERY S
260 _c2015
_aNew Delhi
_bOxford University Press
300 _a133 : p. : cm. ; 17
365 _cRS
_b31
999 _c27065
_d27065